| 000 | 00927nam a2200301 b 4500 | ||
|---|---|---|---|
| 001 | |||
| 003 | DO-SdBNP | ||
| 005 | 20180215144938.0 | ||
| 008 | 930323 2010 sp a spa d | ||
| 017 |
_a _b |
||
| 020 | _a9788484416203 | ||
| 040 |
_aBPMSU _bspa _cBPMSU |
||
| 082 | 0 | 4 |
_axxxx _bxxxx |
| 100 | 1 | _aMeadows, Daisy | |
| 240 | 1 | _aPolly, the party fun fairy / | |
| 245 | 1 | 0 |
_aDiana el hada de la diversión / _h _cDaisy Meadows ; ilustraciones Georgie Ripper ; traducción Estrella Borrego |
| 260 |
_aBarcelona : _bMontena, _c2010. |
||
| 300 |
_a73 p.: _bil. ; _c20 cm |
||
| 490 |
_aLa magia del arco iris _v19 |
||
| 490 | _aLas hadas de las fiestas | ||
| 700 | 1 |
_aRipper, Georgie _eil. |
|
| 700 | 1 |
_aBorrego, Estrella _etrad. |
|
| 830 |
_aLa magia del arco iris _v19 |
||
| 830 | _aLas hadas de las fiestas | ||
| 942 |
_2ddc _cBK |
||
| 945 | _aInventariado, 2018 / BT | ||
| 956 |
_aYLOCKWARD _b10 _c20170119 _dBPMSU _f00144 |
||
| 999 |
_c12537 _d12537 |
||